000 00555nam a22001697a 4500
003 PILC
005 20150112093432.0
008 130226t xxu||||| |||| 00| 0 eng d
020 _a0304331848
050 _aTX 911.3 M27
_b.J67 1997
082 _aHSF 647.95068
_bJ726 1997
100 _aJones, Ursula
_913019
245 _aHospitality and catering
_ba closer look /
_cUrsula Jones and Shirley Newton, with Pauline Dixon ; foreword by Prue Leith
260 _aLondon
_bCassell
_c1997.
300 _a362 pages :
_billustration ;
_c25 cm.
942 _2lcc
_cBK
999 _c14440
_d14440